000 01489nam a2200361 c 4500
001 60797
003 CO-BoRNBP
005 20260318200822.0
007 ta
008 211025s2021 ck a ||br ||| 00| p spa d
020 _a9789585275157
040 _aCO-BoRNBP
_bspa
_erda
_cCO-BoRNBP
041 0 _aspa
043 _as-ck---
084 _aP
100 1 0 _aGómez, Marta,
_d1978-
_eaut
_91771
245 1 0 _aPara la guerra, nada /
_cMarta Gómez ; ilustraciones Daniela Violi.
250 _a1a. edición
264 1 _aBogotá, Colombia :
_bFundación Magnolia para la Paz y el Bienestar,
_c2021
300 _apáginas sin numerar :
_bilustraciones a color
336 _atexto
_btxt
_2rdacontent
337 _asin mediación
_bn
_2rdamedia
338 _avolumen
_bnc
_2rdacarrier
490 0 _aPlan Nacional de Lectura y Escritura Leer es mi Cuento / Ministerio de Cultura
500 _a"Edición especial. Colección de actualización bibliográfica para la Red Nacional de Bibliotecas Públicas del Ministerio de Cultura en el marco del Plan Nacional de Lectura, Escritura y Oralidad, Leer es mi Cuento, 2021"
521 _aRecomendado para un público infantil mayor de 6 años
650 1 7 _aCanciones temáticas
_vPoesía
_2lemb
_91774
650 1 7 _aPaz
_vPoesía
_2lemb
_91773
650 1 7 _aPoesía infantil colombiana
_ySiglo XXI
_2rnbp
_91772
650 1 7 _aLiteratura infantil colombiana
_ySiglo XXI
_2rnbp
_9966
700 1 0 _aVioli, Daniela,
_d1952-
_eill
_969510
942 _2loc
_cBKINF
999 _c60797
_d60797